| 000 | 00616nam a2200229Ia 4500 | ||
|---|---|---|---|
| 001 | 1957 | ||
| 003 | GE_BSU | ||
| 008 | 181216s||||||||xx |||||||||||||| ||und|| | ||
| 020 | _a139785482013274 | ||
| 040 | _cGE_BSU | ||
| 080 | _a340.1(075.8) | ||
| 100 | _aМарченко,М.Н. Дерябина,Е.М. | ||
| 245 | _aОсновы государства и права | ||
| 245 | _bУчубник | ||
| 260 | _aМосква | ||
| 260 | _bПроспект | ||
| 260 | _c2007 | ||
| 300 | _a360стр. 20см. | ||
| 541 | _h10л. | ||
| 653 | _aОсновы государства и права | ||
| 942 | _cBK | ||
| 999 |
_c36057 _d36057 |
||